| 000 | 01825nam a2200313 a 4500 | ||
|---|---|---|---|
| 001 | 000025096 | ||
| 003 | DO-SdBPM | ||
| 005 | 20250826135429.0 | ||
| 007 | ta | ||
| 008 | 110210s19uu dr a 000 j spa d | ||
| 020 | _a9945120018 | ||
| 040 |
_aDO-SdBPM _bspa _cBPMSU _erda _d |
||
| 082 | 4 |
_aA863.08 _bC965a _222 |
|
| 092 | _a | ||
| 245 | 0 | 0 |
_aCuentos de América / _bcompilación Amado Céspedes Marín |
| 264 |
_aSanto Domingo : _bSusaeta, Ediciones Dominicanas _c[199--?]. |
||
| 300 |
_a138 páginas : _bilustraciones ; _c22 cm. |
||
| 336 |
_atexto _btxt _2rdacontent |
||
| 337 |
_asin mediación _bn _2rdamedia |
||
| 338 |
_avolumen _bnc _2rdacarrier |
||
| 490 | 0 | _aBiblioteca Susaeta | |
| 505 | 0 | _aUn elefante ocupa mucha espacio / Elsa Isabel Bornemam -- La pancita del gato / Marta Giménez Pastor -- El caballo que perdió la cola / Javier Villafañe -- Sombrera / María Elena Walsh -- Un loro en el gallinero / Saúl Schrolnik -- El mohán y el pescador / Hernando García Mejía -- El renacuajo paseador / Rafael Pombo -- Simón el bobito -- La pobre viejecita -- El gato bandido --Los tres pichones / Onelio Jorge Cardoso -- La muñeca negra / José Martí -- La palomita verde / Miguel Ángel Asturias -- El ángel caído / Amado Nervo -- Juan Darién / Horacio Quiroga -- El plumaje del múcaro / Ricardo E. Alegría -- Cocorí encuentra una canción / Joaquín Gutierrez -- Una pregunta sale a rodar tierras -- El mejor de los regalos / Santiago Agüello -- La madre que envejeció de la noche a la mañana / Amando Céspedes Marín. | |
| 590 | _aInventariado, 2025/VM | ||
| 650 | 7 |
_aCuentos juveniles _vColecciones |
|
| 650 | 7 | _aLiteratura juvenil latinoamericana | |
| 700 | 1 |
_aAmado Céspedes Marín _d1881-1976 _ecompilador |
|
| 910 | _aVMateo V. Control de calidad. BPMSU | ||
| 942 |
_2ddc _cBK |
||
| 999 |
_c7254 _d7254 |
||